Score 0/24 Timer 06:00
3 Plays Today
Question Answer Wrong Answers
Which show was a spin-off of
Friends?
Joey
91%
Chandler
2.9%
Phoebe
1.9%
Monica
1.4%
Which show was a spin-off of
Cheers?
Frasier
88.5%
Norm!
4.6%
Sam and Diane
3%
Cliff Clavin, Master of Mail
0.8%
Which show is a spin-off of
Breaking Bad?
Better Call Saul
86.6%
Halt and Catch Fire
1.7%
Into the Badlands
6.6%
Preacher
2.1%
Which show was a spin-off of
Grey's Anatomy?
Private Practice
85.9%
Scandal
5.3%
How to Get Away with Murder
4.7%
Off the Map
1.1%
Which show was a spin-off of
Law & Order?
Criminal Intent
80.3%
American Crime
4%
The Wire
4.1%
Person of Interest
8.8%
Which show was a spin-off of
Buffy the Vampire Slayer?
Angel
77.1%
Supernatural
4.6%
The Vampire Diaries
14.2%
iZombie
1.2%
Which show was a spin-off of
All in the Family?
The Jeffersons
72.4%
Sanford and Son
13.4%
Bridget Loves Bernie
5.5%
The Bob Newhart Show
5.5%
Which show was a spin-off of
Beverly Hills, 90210?
Melrose Place
72.3%
One Tree Hill
11.2%
Dawson's Creek
10%
7th Heaven
3.6%
Which show was a spin-off of
Star Trek: The Next Generation?
Deep Space Nine
70.8%
Babylon 5
8.2%
Stargate SG-1
16.7%
Farscape
1.3%
Which show was a spin-off of
JAG?
NCIS
70.1%
CSI: Crime Scene Investigation
7.2%
Criminal Minds
8.4%
Cold Case
11.2%
Which show was a spin-off of
The Cosby Show?
A Different World
67.2%
Family Ties
24.2%
Night Court
2.2%
227
3.5%
Which show was a spin-off of
Family Guy?
The Cleveland Show
64.5%
American Dad!
22.6%
Futurama
2.4%
King of the Hill
7.8%
Which show was a spin-off of
Happy Days?
Mork & Mindy
64.1%
ALF
3.5%
Makin' It
11.1%
Charles in Charge
18.2%
Which show was a spin-off of
The Andy Griffith Show?
Gomer Pyle, U.S.M.C.
62.4%
Matlock
13.3%
Petticoat Junction
7.8%
Green Acres
13.2%
Which show was a spin-off of
The Tracey Ullman Show?
The Simpsons
60.7%
Herman's Head
11.6%
Married... with Children
17.8%
Mr. President
6.8%
Which show was a spin-off of
Beavis and Butt-Head?
Daria
55.9%
Rocko's Modern Life
12.5%
South Park
20.9%
Clone High
7.6%
Which show was a spin-off of
Doctor Who?
Torchwood
53.4%
Red Dwarf
15.4%
Life on Mars
9%
Eleventh Hour
19.1%
Which show was a spin-off of
The Mary Tyler Moore Show?
Lou Grant
52.1%
The Newsroom
6.4%
The Dick Van Dyke Show
30%
Gloria
8.3%
Which show was a spin-off of
M*A*S*H?
AfterMASH
48.9%
Radar!
22.5%
Mulcahy's Men
10.1%
Hawkeye Goes Home
15.5%
Which show was a spin-off of
Perfect Strangers?
Family Matters
42.6%
Full House
12.6%
Hangin' with Mr. Cooper
15.2%
Step by Step
26.2%
Which show was a spin-off of
Dallas?
Knots Landing
40.6%
Dynasty
34.6%
Falcon Crest
16.7%
Hotel
5%
Which show was a spin-off of
Maude?
Good Times
38%
Rhoda
29.1%
Phyllis
22.2%
Joanie Loves Chachi
7.4%
Which show was a spin-off of
Love, American Style?
Happy Days
34%
That Girl
31.8%
The Brady Bunch
11.7%
The Partridge Family
19.1%
Which show was a spin-off of
The X-Files?
The Lone Gunmen
30.5%
Fringe
31%
Warehouse 13
26.8%
Lost
8.7%

You're not logged in!

Compare scores with friends on all Sporcle quizzes.
OR
Log In

Sporcle TV

Today on Sporcle TV


Watch our educational content, quiz creation guides, and fun videos on Sporcle TV.

Show Comments

Extras

Top Quizzes Today


Score Distribution

Your Account Isn't Verified!

In order to create a playlist on Sporcle, you need to verify the email address you used during registration. Go to your Sporcle Settings to finish the process.

Report this User

Report this user for behavior that violates our Community Guidelines.

Details: